00520 2200193 4500001002100000005001500021035002000036007000300056008004100059020000600100082001200106084002000118100002300138245005900161250000600220260003900226300003600265650002500301INLIS00000000000205920260304075329 a0010-0326000008ta260304 g 0 ind  a- a297.246 a297.246 RAH. k0 aMB. Rahimsyah ARB.1 aKisah Nyata :b25 Nabi dan Rasul /cMB. Rahimsyah ARB. a- aSurabaya :bTERBIT TERANG Surabaya a128 hlm. :bilus. ;c14 x 20 cm aKisah Nabi dan Rasul